Magia inteligente
Salvato in:
| Autore principale: | |
|---|---|
| Natura: | Libro |
| Lingua: | spagnolo |
| Pubblicazione: |
Buenos Aires
Granica
1989
|
| Edizione: | 2a. ed |
| Serie: | Colección juegos & Co
|
| Soggetti: | |
| Tags: |
Aggiungi Tag
Nessun Tag, puoi essere il primo ad aggiungerne!!
|
MARC
| LEADER | 00000nam a2200000 a 4500 | ||
|---|---|---|---|
| 001 | UCW1178 | ||
| 003 | CL-VaPUC | ||
| 008 | 911127e19890000AG |||||||||||||||||spa|d | ||
| 082 | 0 | 4 | |a 793.74 |b GAR |2 21 |
| 100 | |a Gardner, Martin |e author |9 591378 | ||
| 245 | 1 | 0 | |a Magia inteligente |
| 250 | |a 2a. ed | ||
| 300 | |a 190 p | ||
| 942 | |c BK | ||
| 945 | |d 19911127 00:00:00 | ||
| 260 | |a Buenos Aires |b Granica |c 1989 | ||
| 650 | 7 | |a MATEMATICAS RECREATIVAS |2 CL-VaPUC |9 269273 | |
| 583 | |a last modification |c 19911127 00:00:00 |k Rodrigo Vera | ||
| 490 | 0 | |a Colección juegos & Co | |
| 999 | |c 216101 |d 216099 | ||